Sevilla FC Squad 2021-2022 - Statistics

General Stats
  • This quiz has been taken 107 times
    79 since last reset
  • The average score is 19 of 28
Answer Stats
# Position Nation Player % Correct
13 GK Morocco Yassine Bounou
94%
10 MF Croatia Ivan Rakitić
90%
23 DF France Jules Koundé
88%
5 FW Argentina Lucas Ocampos
86%
20 DF Brazil Diego Carlos
82%
19 DF Argentina Marcos Acuña
82%
15 FW Morocco Youssef En-Nesyri
82%
11 FW Morocco Munir El Haddadi
78%
25 MF Brazil Fernando Reges
76%
22 FW France Anthony Martial
74%
24 FW Argentina Papu Gómez
74%
9 FW Mexico Tecatito Corona
74%
18 MF Denmark Thomas Delaney
74%
2 DF Argentina Gonzalo Montiel
68%
16 DF Spain Jesús Navas
68%
8 MF Spain Joan Jordán
68%
- Coach Spain Julen Lopetegui
68%
3 DF Sweden Ludwig Augustinsson
68%
6 MF Serbia Nemanja Gudelj
68%
7 FW Spain Suso
68%
4 DF Netherlands Karim Rekik
66%
1 GK Serbia Marko Dmitrović
62%
12 FW Spain Rafa Mir
62%
17 FW Argentina Erik Lamela
56%
21 MF Spain Óliver Torres
42%
22 FW Morocco Oussama Idrissi
36%
14 MF Spain Óscar Rodríguez
30%
31 GK Spain Javi Díaz
20%
No matching quizzes found
Score Distribution
Percent of People with Each Score
Percentile by Number Answered
Your Score History
You have not taken this quiz since the last reset